| 000 | 02388nam a22003497a 4500 | ||
|---|---|---|---|
| 003 | DO-SdBNP | ||
| 005 | 20220316112702.0 | ||
| 007 | ta | ||
| 008 | 220207b19761974 a|||| |||| 001 0 spa d | ||
| 040 |
_aDO-SdBNP _bspa _cBNPHU |
||
| 082 | 4 |
_a370.15 _bG448p _222 |
|
| 100 | 1 |
_aGibson, Janice T. _981160 |
|
| 240 | _aEducational psychology | ||
| 245 | 1 | 0 |
_aPsicología educativa : _btexto programado / _cJanice T. Gibson, traducción, Jorge Brash. |
| 260 |
_aMéxico , D.F. : _bTrillas, _c1976. |
||
| 300 |
_a398 p. : _bil. ; _c23 cm. |
||
| 490 | 1 | _aBiblioteca técnica de psicología | |
| 500 | _aIncluye índices | ||
| 505 | 0 |
_aPrimera parte : Acerca de este libro. _t1. Lo que la psicología educativa aporta al maestro -- _tLecturas complementarias. |
|
| 505 | 0 |
_aSegunda parte : Herramientas de investigación del científico de la conducta _t2. Reunión de datos : métodos para estudiar la conducta humana -- _tReferencias bibliográficas. _t3. Interpretación de datos : promedios y medidas de dispersión -- _tReferencias bibliográficas. _t4. Interpretación de datos . métodos de correción -- _tReferencias bibliográficas. _t5. Evaluación de la conducta -- _tReferencias bibliográficas. |
|
| 505 | 0 |
_aTercera parte : Pensamiento y comprensión _t6. La inteligencia y el coeficiente de inteligencia -- _tReferencias bibliográficas. _t Lecturas complementarias. _t7. El enfoque de Piaget del desarrollo mental -- _tReferencias bibliográficas. _tLecturas complementarias. |
|
| 505 | 0 |
_aCuarta parte : Crecimiento y desarrollo _t8. El niño en edad preescolar -- _tReferencias bibliográficas. _t9. El niño en la escuela -- _tLecturas complementarias. |
|
| 505 | 0 |
_aQuinta parte : Aprendizaje _t10. Condicionamiento -- _tReferencias bibliográficas. _t11. Motivación -- _tReferencias bibliográficas. _tLecturas complementarias. |
|
| 505 | 0 |
_aSexta parte : Teorías de la enseñanza _t12. Aumento de la eficiencia de la enseñanza -- _t Referencias bibliográficas. |
|
| 505 |
_a13. Incremento de la flexibilidad del aoprendizaje _tReferencias bibliográficas. _tLecturas complementarias. _tíndice de autores _tIndice alfabético |
||
| 590 | _aInventariado, 2022 / SA | ||
| 650 | 4 | _aPsicopedagogía | |
| 700 | 1 |
_947698 _aBrash, Jorge _etr. |
|
| 830 | 0 |
_aBiblioteca técnica de psicología _915107 |
|
| 910 | _aSaquino/Validado. Control de calidad MFF | ||
| 942 |
_2ddc _cLBS1 |
||
| 999 |
_c51355 _d51355 |
||